[Event "Pardubice Czech op-E 34th"]
[Site "Pardubice"]
[Date "2023.07.16"]
[Round "6"]
[White "Hacha, Ales"]
[Black "Jares, Michal"]
[Result "1/2-1/2"]
[WhiteElo "2117"]
[BlackElo "2315"]
[PlyCount "34"]
[EventDate "2023.07.13"]
[EventType "team-swiss"]
[EventRounds "7"]
[EventCountry "CZE"]
[SourceTitle "CBM 215 Extra"]
[Source "ChessBase"]
[SourceDate "2023.09.30"]
[SourceVersion "1"]
[SourceVersionDate "2023.09.30"]
[SourceQuality "1"]
[WhiteTeam "Turnov Zikuda IV"]
[BlackTeam "Vlasim Spartak"]
[WhiteTeamCountry "CZE"]
[BlackTeamCountry "CZE"]

1. Nf3 c5 2. g3 d5 3. d4 cxd4 4. Bg2 Nf6 5. 0-0 h6 6. Qxd4 Nc6 7. Qa4 Bd7 8. c3 e5 9. Nbd2 e4 10. Nd4 Bc5 11. Nxc6 bxc6 12. b4 Bb6 13. Nb3 0-0 14. Nc5 Be8 15. Be3 Nd7 16. Rad1 Qc8 17. c4 Nxc5 1/2-1/2

[Event "Teplice op"]
[Site "Teplice"]
[Date "2023.06.15"]
[Round "6"]
[White "Heimisson, Hilmir Freyr"]
[Black "Jares, Michal"]
[Result "0-1"]
[WhiteElo "2413"]
[BlackElo "2205"]
[PlyCount "136"]
[EventDate "2023.06.10"]
[EventType "swiss"]
[EventRounds "9"]
[EventCountry "CZE"]
[SourceTitle "CBM 214 Extra"]
[Source "ChessBase"]
[SourceDate "2023.07.31"]
[SourceVersion "1"]
[SourceVersionDate "2023.07.31"]
[SourceQuality "1"]

1. Nf3 Nf6 2. c4 c5 3. Nc3 Nc6 4. g3 g6 5. Bg2 Bg7 6. d4 cxd4 7. Nxd4 0-0 8. 0-0 Nxd4 9. Qxd4 d6 10. Qd3 a6 11. Rb1 Nd7 12. b3 Ne5 13. Qd2 Bf5 14. e4 Bh3 15. a4 Rc8 16. Bb2 Bxg2 17. Kxg2 Qa5 18. Rfd1 Rfe8 19. Nd5 Qxd2 20. Rxd2 Nd7 21. Ba3 Nc5 22. f3 a5 23. Rdd1 Rc6 24. Bb2 Bxb2 25. Rxb2 Kg7 26. Kf2 h5 27. Rbb1 Nd7 28. Rd2 Nf6 29. Nc3 Rc5 30. Rg1 Rh8 31. Ke3 Rhc8 32. Kd3 Nd7 33. Nd5 Re8 34. Re1 Nf6 35. Nc3 Rec8 36. Rde2 Nd7 37. f4 f6 38. Nb5 Kf7 39. Rg1 Rh8 40. Nc3 h4 41. g4 g5 42. e5 fxe5 43. fxg5 Kg6 44. Rf1 Rcc8 45. Ref2 Nc5+ 46. Ke3 Ne6 47. Rf7 Rhf8 48. R7f5 Nf4 49. Ne2 Rxf5 50. gxf5+ Kxf5 51. Nxf4 exf4+ 52. Rxf4+ Kxg5 53. Rf7 Rc6 54. Rxe7 Rb6 55. Kd4 Rxb3 56. Re6 Rb4 57. Rxd6 Rxa4 58. Rd5+ Kg4 59. Rb5 Kh3 60. Rxb7 Kxh2 61. Rg7 h3 62. Kd5 Ra3 63. c5 Rg3 64. Rh7 Kg2 65. c6 h2 66. c7 Rg8 67. Rg7+ Rxg7 68. c8Q h1Q 0-1

[Event "CZE-ch U20"]
[Site "Jaromerice nad Rokytnou"]
[Date "2023.03.10"]
[Round "1"]
[White "Jares, Michal"]
[Black "Hlavina, Matous"]
[Result "1/2-1/2"]
[WhiteElo "2177"]
[BlackElo "2091"]
[PlyCount "85"]
[EventDate "2023.03.10"]
[EventType "tourn"]
[EventRounds "11"]
[EventCountry "CZE"]
[SourceTitle "CBM 213 Extra"]
[Source "ChessBase"]
[SourceDate "2023.05.31"]
[SourceVersion "1"]
[SourceVersionDate "2023.05.31"]
[SourceQuality "1"]

1. Nf3 Nf6 2. g3 d5 3. Bg2 c6 4. d4 Bg4 5. c4 e6 6. 0-0 Nbd7 7. Qb3 Qb6 8. c5 Qa6 9. Nc3 Be7 10. h3 Bh5 11. g4 Bg6 12. Nh4 b6 13. cxb6 axb6 14. g5 Nh5 15. Nxg6 hxg6 16. e4 0-0 17. Qc2 Rac8 18. Be3 Qa5 19. a3 dxe4 20. Bxe4 e5 21. b4 Qa7 22. dxe5 Nxe5 23. Na4 c5 24. bxc5 bxc5 25. Nc3 Nc6 26. Qa4 Qd7 27. Nd5 Bd6 28. Bg2 Qf5 29. Qe4 Qxe4 30. Bxe4 Rfe8 31. Nb6 Rc7 32. Bxc6 Rxc6 33. Nc4 Bf4 34. Kg2 Bc7 35. Kf3 f5 36. gxf6 gxf6 37. Rfd1 Kf7 38. Rd7+ Re7 39. Rxe7+ Kxe7 40. Re1 Kf7 41. Nd2 Ng7 42. Rc1 Ne6 43. Ne4 1/2-1/2

[Event "CZE-chT2D 2223"]
[Site "Czech Republic"]
[Date "2023.03.05"]
[Round "10.1"]
[White "Jares, Michal"]
[Black "Vesely, Vitek"]
[Result "1/2-1/2"]
[WhiteElo "2198"]
[BlackElo "2118"]
[PlyCount "49"]
[EventDate "2022.10.16"]
[EventType "team-tourn"]
[EventRounds "11"]
[EventCountry "CZE"]
[SourceTitle "EXT 2024"]
[Source "ChessBase"]
[SourceDate "2023.10.10"]
[SourceVersion "1"]
[SourceVersionDate "2023.10.10"]
[SourceQuality "1"]
[WhiteTeam "Polabiny IV"]
[BlackTeam "Chotebor"]
[WhiteTeamCountry "CZE"]
[BlackTeamCountry "CZE"]

1. Nf3 Nf6 2. g3 b6 3. Bg2 Bb7 4. c4 c5 5. 0-0 e6 6. d4 cxd4 7. Nxd4 Bxg2 8. Kxg2 Qc8 9. b3 Qb7+ 10. Kg1 a6 11. Nc3 Be7 12. Bb2 0-0 13. Qd3 Nc6 14. Qf3 Rfc8 15. Rfd1 Rab8 16. Nxc6 Qxc6 17. Qxc6 dxc6 18. e4 b5 19. e5 Ng4 20. cxb5 cxb5 21. Ne4 Rc2 22. Bd4 h5 23. h3 Nh6 24. Be3 Nf5 25. Bg5 1/2-1/2

[Event "CZE-chT2D 2223"]
[Site "Czech Republic"]
[Date "2023.02.19"]
[Round "9.1"]
[White "Haba, Petr"]
[Black "Jares, Michal"]
[Result "1-0"]
[WhiteElo "2454"]
[BlackElo "2198"]
[PlyCount "145"]
[EventDate "2022.10.16"]
[EventType "team-tourn"]
[EventRounds "11"]
[EventCountry "CZE"]
[SourceTitle "EXT 2024"]
[Source "ChessBase"]
[SourceDate "2023.10.10"]
[SourceVersion "1"]
[SourceVersionDate "2023.10.10"]
[SourceQuality "1"]
[WhiteTeam "Hradec Kralove Slavia"]
[BlackTeam "Polabiny IV"]
[WhiteTeamCountry "CZE"]
[BlackTeamCountry "CZE"]

1. e4 c5 2. Nf3 d6 3. d4 cxd4 4. Nxd4 Nf6 5. Nc3 g6 6. Be3 Bg7 7. f3 0-0 8. Qd2 Nc6 9. g4 Nxd4 10. Bxd4 Qa5 11. h4 Be6 12. h5 Rfc8 13. a3 Bc4 14. h6 Bh8 15. g5 Nh5 16. Bxh8 Kxh8 17. Bh3 Be6 18. Qd4+ Qe5 19. Qxe5+ dxe5 20. Bxe6 fxe6 21. 0-0-0 Rf8 22. Rd7 Rxf3 23. Rhd1 Raf8 24. Rxe7 Rg3 25. Rf7 Rc8 26. Rxb7 a6 27. Rb6 Rxg5 28. Rxa6 Nf4 29. Rad6 Kg8 30. a4 Kf7 31. a5 Rg2 32. R6d2 Rxd2 33. Kxd2 g5 34. a6 g4 35. Rg1 Ra8 36. Rxg4 Rxa6 37. Rg7+ Kf6 38. Rxh7 Kg6 39. Rh8 Rd6+ 40. Kc1 Rb6 41. b3 Rb4 42. Kb2 Rd4 43. Rb8 Rd2 44. Kc1 Rh2 45. b4 Ng2 46. Nd1 Nf4 47. Ne3 Ne2+ 48. Kb2 Nd4 49. Rc8 Rxh6 50. Ng4 Rh4 51. Nxe5+ Kf6 52. Nd7+ Ke7 53. Nc5 Rh2 54. Nb3 Kd7 55. Rc4 Nb5 56. e5 Re2 57. Nc5+ Ke7 58. Nd3 Kd7 59. Nc5+ Ke7 60. Nd3 Kd7 61. Kb3 Nc7 62. Rd4+ Ke7 63. c4 Rd2 64. Kc3 Rd1 65. Nc5 Rxd4 66. Kxd4 Na8 67. Na4 Kd7 68. Kc5 Nc7 69. Kb6 Na8+ 70. Kb7 Nc7 71. Nc5+ Kd8 72. b5 Ne8 73. b6 1-0

[Event "Titled Tuesday intern op 17th Jan Early"]
[Site "Chess.com INT"]
[Date "2023.01.17"]
[Round "1"]
[White "Jares, Michal"]
[Black "Harsh, Suresh"]
[Result "0-1"]
[WhiteElo "2178"]
[BlackElo "2261"]
[PlyCount "110"]
[EventDate "2023.01.17"]
[EventType "swiss (blitz)"]
[EventRounds "11"]
[EventCountry "USA"]
[SourceTitle "CBM 212 Extra"]
[Source "ChessBase"]
[SourceDate "2023.03.31"]
[SourceVersion "1"]
[SourceVersionDate "2023.03.31"]
[SourceQuality "1"]

1. Nf3 d5 2. g3 g6 3. Bg2 Bg7 4. d4 c5 5. 0-0 cxd4 6. Nxd4 Nc6 7. Nxc6 bxc6 8. c4 e6 9. Nc3 Ne7 10. cxd5 cxd5 11. Bg5 0-0 12. Qd2 Bb7 13. Bh6 Bxh6 14. Qxh6 Nf5 15. Qd2 Qb6 16. e3 Rac8 17. Rac1 Nd6 18. b3 Qb4 19. Ne4 Qxd2 20. Nxd2 Nb5 21. a4 Nc3 22. Kh1 Ba6 23. Rfe1 Na2 24. Rxc8 Rxc8 25. f4 Rc2 26. Nf3 Rb2 27. Nd4 Bd3 28. Kg1 Kg7 29. h3 Nb4 30. Rc1 Nc2 31. Nxc2 Bxc2 32. a5 a6 33. Bf1 Bxb3 34. Bxa6 Ra2 35. Rc5 Kf6 36. Bb7 Kf5 37. a6 Ke4 38. Rc8 Kf3 39. Rc3 Bd1 40. Rc1 Be2 41. Bc8 Kxg3 42. Re1 Bxa6 43. Bd7 Bd3 44. Be8 Rg2+ 45. Kh1 Be4 46. Rg1 Kxh3 47. Rxg2 Bxg2+ 48. Kg1 f6 49. Bf7 e5 50. fxe5 fxe5 51. Bg8 h6 52. Be6+ Kg3 53. Bf7 g5 54. Be6 Be4 55. Bf7 Kf3 0-1

[Event "Titled Tuesday intern op 17th Jan Early"]
[Site "Chess.com INT"]
[Date "2023.01.17"]
[Round "2"]
[White "Soumya, Swaminathan"]
[Black "Jares, Michal"]
[Result "1/2-1/2"]
[WhiteElo "2322"]
[BlackElo "2178"]
[PlyCount "119"]
[EventDate "2023.01.17"]
[EventType "swiss (blitz)"]
[EventRounds "11"]
[EventCountry "USA"]
[SourceTitle "CBM 212 Extra"]
[Source "ChessBase"]
[SourceDate "2023.03.31"]
[SourceVersion "1"]
[SourceVersionDate "2023.03.31"]
[SourceQuality "1"]

1. e4 c5 2. Nf3 d6 3. d4 cxd4 4. Nxd4 Nf6 5. Nc3 g6 6. Be3 Bg7 7. f3 0-0 8. Qd2 Nc6 9. Bc4 Bd7 10. Bb3 Ne5 11. 0-0-0 Rc8 12. Kb1 Re8 13. g4 Qa5 14. h4 h5 15. gxh5 Nxh5 16. Rdg1 Kh7 17. f4 Nc4 18. Bxc4 Rxc4 19. f5 Rxc3 20. Qxc3 Qxc3 21. bxc3 Rc8 22. Kb2 Nf6 23. fxg6+ fxg6 24. h5 gxh5 25. Nf5 Bxf5 26. exf5 Rc4 27. Bd4 Kg8 28. Bxf6 exf6 29. Rxh5 Rf4 30. Rh6 Rxf5 31. Rhg6 Rb5+ 32. Kc1 Rg5 33. R6xg5 fxg5 34. Rxg5 Kf7 35. Kd1 Bxc3 36. Rd5 Ke6 37. Rd3 Be5 38. c4 Kd7 39. Kc2 Kc6 40. Kb3 a6 41. a4 b5 42. axb5+ axb5 43. Rd5 bxc4+ 44. Kxc4 Bf4 45. Rf5 Be5 46. Kd3 Kd5 47. Rh5 Ke6 48. Rh6+ Bf6 49. Ke4 d5+ 50. Kd3 Kf5 51. Rh5+ Bg5 52. Kd4 Kg4 53. Rh7 Bf4 54. Kxd5 Kf3 55. Rf7 Ke3 56. Rf5 Bg3 57. Rg5 Bf4 58. Rf5 Bg3 59. Rg5 Bf4 60. Rf5 1/2-1/2

[Event "CZE-chT2D 2223"]
[Site "Czech Republic"]
[Date "2022.12.04"]
[Round "4.1"]
[White "Jares, Michal"]
[Black "Horak, Jan"]
[Result "1/2-1/2"]
[WhiteElo "2198"]
[BlackElo "2138"]
[PlyCount "31"]
[EventDate "2022.10.16"]
[EventType "team-tourn"]
[EventRounds "11"]
[EventCountry "CZE"]
[SourceTitle "EXT 2024"]
[Source "ChessBase"]
[SourceDate "2023.10.10"]
[SourceVersion "1"]
[SourceVersionDate "2023.10.10"]
[SourceQuality "1"]
[WhiteTeam "Polabiny IV"]
[BlackTeam "Rychnov nad Kneznou Panda"]
[WhiteTeamCountry "CZE"]
[BlackTeamCountry "CZE"]

1. Nf3 Nf6 2. g3 c5 3. c4 g6 4. Bg2 Bg7 5. 0-0 0-0 6. d4 cxd4 7. Nxd4 Nc6 8. Nc3 Nxd4 9. Qxd4 d6 10. Qh4 Rb8 11. Bh6 Qa5 12. Nd5 Nxd5 13. Bxg7 Kxg7 14. cxd5 Re8 15. Qd4+ Kg8 16. a3 1/2-1/2

[Event "CZE-chT2D 2223"]
[Site "Czech Republic"]
[Date "2022.11.20"]
[Round "3.1"]
[White "Cech, Pavel"]
[Black "Jares, Michal"]
[Result "1-0"]
[WhiteElo "2354"]
[BlackElo "2198"]
[PlyCount "171"]
[EventDate "2022.10.16"]
[EventType "team-tourn"]
[EventRounds "11"]
[EventCountry "CZE"]
[SourceTitle "EXT 2024"]
[Source "ChessBase"]
[SourceDate "2023.10.10"]
[SourceVersion "1"]
[SourceVersionDate "2023.10.10"]
[SourceQuality "1"]
[WhiteTeam "Hradec Kralove Lipky"]
[BlackTeam "Polabiny IV"]
[WhiteTeamCountry "CZE"]
[BlackTeamCountry "CZE"]

1. e4 c5 2. Nf3 d6 3. Bb5+ Nd7 4. 0-0 Ngf6 5. Re1 e6 6. c3 a6 7. Bf1 Be7 8. d4 0-0 9. Nbd2 cxd4 10. cxd4 b6 11. b4 Bb7 12. Bb2 d5 13. e5 Ne4 14. a3 f5 15. Qb3 Rc8 16. a4 Qc7 17. Rec1 Qb8 18. b5 a5 19. Ba3 Bxa3 20. Qxa3 Rfe8 21. Nb3 Nf8 22. Ne1 Ng5 23. Rxc8 Rxc8 24. Rc1 Nf7 25. Nd3 Rxc1 26. Qxc1 Qc8 27. Qd2 Qc7 28. Nf4 Ng5 29. f3 Qe7 30. Nd3 Ng6 31. Qc1 h6 32. Nd2 Kh7 33. Kh1 Qd7 34. Be2 Qc8 35. Qxc8 Bxc8 36. g3 Nf7 37. Kg2 Ne7 38. f4 g6 39. g4 Kg7 40. h3 Bd7 41. Nf1 Nd8 42. Ng3 Be8 43. Kf2 Nb7 44. Ke3 Bf7 45. Nf2 Be8 46. Bf3 Bf7 47. h4 Nd8 48. h5 Be8 49. Bd1 Bf7 50. hxg6 Bxg6 51. gxf5 Nxf5+ 52. Nxf5+ Bxf5 53. Ng4 Bxg4 54. Bxg4 Kf7 55. Kf3 Kg6 56. Kg3 Kf7 57. Bh5+ Ke7 58. Kg4 Kf8 59. Bg6 Kg7 60. Kh5 Nb7 61. Be8 Nd8 62. Bd7 Kf7 63. Kxh6 Ke7 64. Bc8 Nf7+ 65. Kg7 Nd8 66. f5 exf5 67. Bxf5 Nf7 68. Kg6 Nh8+ 69. Kh5 Nf7 70. Bh3 Nd8 71. Kg6 Nb7 72. Bg2 Ke6 73. Bh3+ Ke7 74. Bc8 Nd8 75. Kg7 Nf7 76. Bb7 Nxe5 77. dxe5 Ke6 78. Kf8 d4 79. Ke8 d3 80. Kd8 Kxe5 81. Kc7 Kf4 82. Bd5 Ke5 83. Bb3 Kd4 84. Kxb6 Kc3 85. Bd1 Kd2 86. Bh5 1-0

[Event "Titled Tuesday intern op 02nd Aug Early"]
[Site "Chess.com INT"]
[Date "2022.08.02"]
[Round "1"]
[White "Jares, Michal"]
[Black "Mindlin, Alon"]
[Result "0-1"]
[WhiteElo "2208"]
[BlackElo "2426"]
[PlyCount "132"]
[EventDate "2022.08.02"]
[EventType "swiss (blitz)"]
[EventRounds "11"]
[EventCountry "USA"]
[SourceTitle "EXT 2023"]
[Source "ChessBase"]
[SourceDate "2022.10.05"]
[SourceVersion "1"]
[SourceVersionDate "2022.10.05"]
[SourceQuality "1"]

1. d4 Nf6 2. Nf3 e6 3. g3 b5 4. Bg2 Bb7 5. 0-0 Be7 6. c3 0-0 7. a4 a6 8. axb5 axb5 9. Rxa8 Bxa8 10. Bf4 Bd6 11. Bxd6 cxd6 12. Nbd2 b4 13. cxb4 Qb6 14. Qa4 Na6 15. Nc4 Qb7 16. Nxd6 Qb6 17. Nc4 Qb7 18. b5 Nc7 19. b6 Ncd5 20. Qa7 Rc8 21. Qxb7 Bxb7 22. Nd6 Rb8 23. Ne5 Bc6 24. Nxc6 Rxb6 25. Na5 Rxd6 26. e4 Ra6 27. Nc4 Nb6 28. Ne5 d6 29. Nd3 g5 30. h3 Nc4 31. Rc1 Nd2 32. Rc8+ Kg7 33. b4 Nfxe4 34. Bxe4 Nxe4 35. b5 Ra1+ 36. Kg2 Rb1 37. Rb8 Rb3 38. Ne1 Rb2 39. Nd3 Rd2 40. Kf3 f5 41. Ke3 Ra2 42. b6 Ra3 43. b7 Rb3 44. Ke2 Nc3+ 45. Kd2 Nd5 46. Kc2 Rb6 47. Nb2 Nb4+ 48. Kd1 Nc6 49. Rc8 Rxb7 50. Rxc6 Rxb2 51. Rxd6 Rxf2 52. Rxe6 h5 53. Ke1 Rf3 54. h4 g4 55. Re5 Kf6 56. Ra5 Rxg3 57. Ra6+ Ke7 58. Rh6 Rd3 59. Rxh5 Ke6 60. Rh6+ Kd5 61. Rf6 Ke4 62. Re6+ Kf4 63. h5 Rxd4 64. h6 Rd7 65. Kf1 Kf3 66. Ra6 Rd1# 0-1

[Event "Titled Tuesday intern op 02nd Aug Early"]
[Site "Chess.com INT"]
[Date "2022.08.02"]
[Round "6"]
[White "Jares, Michal"]
[Black "Navarrete Mendez, Gonzalo Albe"]
[Result "1-0"]
[WhiteElo "2208"]
[BlackElo "2185"]
[PlyCount "49"]
[EventDate "2022.08.02"]
[EventType "swiss (blitz)"]
[EventRounds "11"]
[EventCountry "USA"]
[SourceTitle "EXT 2023"]
[Source "ChessBase"]
[SourceDate "2022.10.05"]
[SourceVersion "1"]
[SourceVersionDate "2022.10.05"]
[SourceQuality "1"]

1. d4 d5 2. Nf3 Nf6 3. g3 c5 4. Bg2 cxd4 5. 0-0 h6 6. b3 Nc6 7. Nxd4 e5 8. Nxc6 bxc6 9. Bb2 e4 10. c4 h5 11. h4 Ng4 12. cxd5 cxd5 13. Nc3 Be6 14. Nb5 Be7 15. Rc1 e3 16. Nc7+ Kf8 17. fxe3 Qd6 18. Nxe6+ Qxe6 19. Qxd5 Qxd5 20. Bxd5 Rd8 21. Rxf7+ Ke8 22. Be6 Bf6 23. Bxf6 gxf6 24. Rcc7 Ne5 25. Rce7# 1-0

[Event "Titled Tuesday intern op 02nd Aug Early"]
[Site "Chess.com INT"]
[Date "2022.08.02"]
[Round "8"]
[White "Khabinets, Ivan"]
[Black "Jares, Michal"]
[Result "1-0"]
[WhiteElo "1980"]
[BlackElo "2208"]
[PlyCount "105"]
[EventDate "2022.08.02"]
[EventType "swiss (blitz)"]
[EventRounds "11"]
[EventCountry "USA"]
[SourceTitle "EXT 2023"]
[Source "ChessBase"]
[SourceDate "2022.10.05"]
[SourceVersion "1"]
[SourceVersionDate "2022.10.05"]
[SourceQuality "1"]

1. d4 Nf6 2. c4 e6 3. g3 d5 4. Bg2 Be7 5. Nf3 0-0 6. Qc2 dxc4 7. Qxc4 a6 8. Qc2 Bd7 9. Ne5 Bc6 10. Nxc6 Nxc6 11. e3 Nd5 12. 0-0 Qd7 13. Rd1 Rfd8 14. Nc3 Nxc3 15. bxc3 Rac8 16. c4 Nb4 17. Qb3 c5 18. Ba3 Nc6 19. d5 exd5 20. Bxd5 Qc7 21. Rab1 Nb4 22. Bf3 b6 23. Bb2 Rxd1+ 24. Rxd1 Rd8 25. a3 Rxd1+ 26. Qxd1 Nc6 27. Qd5 Nd8 28. Be5 Qc8 29. Kg2 b5 30. Bb2 Ne6 31. Bg4 Nf4+ 32. exf4 Qxg4 33. Qa8+ Bf8 34. Qxa6 b4 35. Qc6 Qe2 36. Be5 Qxc4 37. a4 Qe6 38. Qb7 f6 39. a5 fxe5 40. a6 exf4 41. a7 f3+ 42. Qxf3 b3 43. a8Q Qf7 44. Qxf7+ Kxf7 45. Qd5+ Ke7 46. Qxb3 Ke8 47. Qe6+ Be7 48. Kf3 Kf8 49. Ke4 g6 50. Kd5 Ke8 51. Kc6 c4 52. Qxc4 Kf8 53. Kd7 1-0

[Event "Pardubice Czech op-A 33rd"]
[Site "Pardubice"]
[Date "2022.07.30"]
[Round "9"]
[White "Jares, Michal"]
[Black "Nemec, Jachym"]
[Result "1/2-1/2"]
[WhiteElo "2208"]
[BlackElo "2357"]
[PlyCount "109"]
[EventDate "2022.07.22"]
[EventType "swiss"]
[EventRounds "9"]
[EventCountry "CZE"]
[SourceTitle "CBM 209 Extra"]
[Source "ChessBase"]
[SourceDate "2022.09.30"]
[SourceVersion "1"]
[SourceVersionDate "2022.09.30"]
[SourceQuality "1"]

1. e4 c5 2. Nf3 d6 3. d4 cxd4 4. Nxd4 Nf6 5. Nc3 a6 6. f3 e5 7. Nb3 Be6 8. Be3 h5 9. Qd2 Nbd7 10. 0-0-0 Qc7 11. Kb1 Be7 12. Nd5 Bxd5 13. exd5 0-0 14. Rg1 Nb6 15. Qa5 Bd8 16. Be2 Nbxd5 17. Qxc7 Bxc7 18. Bg5 Nf4 19. Bxf4 exf4 20. Bd3 Rfe8 21. Rge1 Bb6 22. c4 Rxe1 23. Rxe1 Be3 24. Re2 Rd8 25. Na5 Rd7 26. a3 g6 27. Bc2 Rc7 28. Bd3 b6 29. Nb3 Nd7 30. Rc2 Ne5 31. Be2 Kf8 32. Rc3 a5 33. Na1 a4 34. g3 f5 35. gxf4 Bxf4 36. h3 Bd2 37. Rc2 Be3 38. Ka2 f4 39. Rc3 Ke7 40. Bd1 Bd4 41. Rc1 Bxb2 42. Kxb2 Nd3+ 43. Kb1 Nxc1 44. Kxc1 Rxc4+ 45. Nc2 Rc3 46. Kd2 Rb3 47. Nb4 Rxa3 48. Nd5+ Ke6 49. Nxf4+ Kf5 50. Nd5 b5 51. Nc3 Rxc3 52. Kxc3 g5 53. Be2 Kf4 54. Bxb5 Kxf3 55. Bxa4 1/2-1/2

[Event "Pardubice Czech op-A 33rd"]
[Site "Pardubice"]
[Date "2022.07.23"]
[Round "2"]
[White "Kusa, Jakub"]
[Black "Jares, Michal"]
[Result "1-0"]
[WhiteElo "2353"]
[BlackElo "2208"]
[PlyCount "101"]
[EventDate "2022.07.22"]
[EventType "swiss"]
[EventRounds "9"]
[EventCountry "CZE"]
[SourceTitle "CBM 209 Extra"]
[Source "ChessBase"]
[SourceDate "2022.09.30"]
[SourceVersion "1"]
[SourceVersionDate "2022.09.30"]
[SourceQuality "1"]

1. d4 Nf6 2. c4 e6 3. g3 d5 4. Nf3 Be7 5. Bg2 0-0 6. 0-0 dxc4 7. Qc2 a6 8. a4 Bd7 9. Qxc4 Bc6 10. Bf4 a5 11. Nc3 Nbd7 12. Rfd1 Nb6 13. Qb3 Bb4 14. Ne5 Bxg2 15. Kxg2 Bxc3 16. bxc3 Qd5+ 17. Qxd5 Nbxd5 18. Bd2 Ne4 19. c4 Nb6 20. c5 Nd5 21. Be1 b6 22. Ra3 Rfd8 23. f3 Nef6 24. Nc6 Re8 25. e4 Ne7 26. Ne5 Red8 27. cxb6 cxb6 28. Rb3 Rab8 29. Bf2 Nd7 30. Rdb1 Nxe5 31. dxe5 Nc6 32. Bxb6 Rd2+ 33. Kh3 h5 34. Rb5 Ra2 35. Rc1 Nb4 36. Rc3 Rxa4 37. Rxa5 Ra2 38. Rxa2 Nxa2 39. Rc6 Nb4 40. Rd6 Kh7 41. Kh4 g6 42. Kg5 Kg7 43. Bd8 Nc2 44. Bf6+ Kh7 45. Rd7 Kg8 46. f4 Ne1 47. f5 exf5 48. e6 fxe6 49. Kxg6 Rf8 50. Rg7+ Kh8 51. Rh7+ 1-0

[Event "Pardubice rapid op 33rd"]
[Site "Pardubice"]
[Date "2022.07.21"]
[Round "6"]
[White "Jurek, Josef"]
[Black "Jares, Michal"]
[Result "1/2-1/2"]
[WhiteElo "2200"]
[BlackElo "2208"]
[PlyCount "152"]
[EventDate "2022.07.20"]
[EventType "swiss (rapid)"]
[EventRounds "9"]
[EventCountry "CZE"]
[SourceTitle "CBM 209 Extra"]
[Source "ChessBase"]
[SourceDate "2022.09.30"]
[SourceVersion "1"]
[SourceVersionDate "2022.09.30"]
[SourceQuality "1"]

1. Nf3 c5 2. c4 Nc6 3. Nc3 g6 4. e3 Bg7 5. d4 cxd4 6. exd4 d6 7. d5 Ne5 8. Nxe5 Bxe5 9. Bd3 Bg7 10. 0-0 Nf6 11. h3 0-0 12. Re1 Bd7 13. Bg5 Re8 14. Qd2 Qc8 15. Rac1 Bf5 16. Bxf5 Qxf5 17. b3 Rac8 18. Re2 a6 19. a4 Kf8 20. Rce1 Rc7 21. Bh6 Kg8 22. Bxg7 Kxg7 23. Qd4 Kg8 24. a5 h5 25. Na4 Kg7 26. Nb6 Kg8 27. b4 Kf8 28. c5 Rd8 29. Re3 dxc5 30. bxc5 Rxd5 31. Nxd5 Qxd5 32. Qb4 Qc6 33. Re5 e6 34. Rc1 Kg8 35. Re2 Nd5 36. Qd4 Qb5 37. Ra2 Rd7 38. Qe5 Rc7 39. Rb2 Qxa5 40. c6 Qa3 41. Rcb1 Rxc6 42. Rxb7 Rc1+ 43. Rxc1 Qxc1+ 44. Kh2 Qf4+ 45. Qxf4 Nxf4 46. Ra7 Nd3 47. f3 Nb4 48. Rb7 Nd5 49. Ra7 Nb4 50. Kg3 Kg7 51. Kf2 Kf6 52. f4 Nd3+ 53. Ke3 Nb4 54. Kf3 Kg7 55. g4 hxg4+ 56. hxg4 g5 57. fxg5 Kg6 58. Kg3 Nd3 59. Kh4 Ne5 60. Rxa6 Nf3+ 61. Kg3 Nxg5 62. Kf4 Kf6 63. Ra5 Nh3+ 64. Kg3 Ng5 65. Kh4 Nf3+ 66. Kh5 Ne5 67. Rb5 Nd3 68. g5+ Kg7 69. Rb7 Nf4+ 70. Kg4 Ng6 71. Rb5 Ne7 72. Kh5 Ng6 73. Rb4 Ne7 74. Kg4 Ng6 75. Rb7 Ne5+ 76. Kf4 Ng6+ 1/2-1/2

[Event "Pardubice rapid op 33rd"]
[Site "Pardubice"]
[Date "2022.07.21"]
[Round "8"]
[White "Rasik, Vitezslav"]
[Black "Jares, Michal"]
[Result "1-0"]
[WhiteElo "2419"]
[BlackElo "2208"]
[PlyCount "95"]
[EventDate "2022.07.20"]
[EventType "swiss (rapid)"]
[EventRounds "9"]
[EventCountry "CZE"]
[SourceTitle "CBM 209 Extra"]
[Source "ChessBase"]
[SourceDate "2022.09.30"]
[SourceVersion "1"]
[SourceVersionDate "2022.09.30"]
[SourceQuality "1"]

1. e4 c5 2. Nf3 d6 3. Bb5+ Bd7 4. Bxd7+ Nxd7 5. 0-0 Ngf6 6. Qe2 e6 7. b3 Be7 8. Bb2 0-0 9. c4 e5 10. Nc3 Re8 11. Ne1 Nf8 12. Nc2 Ne6 13. Ne3 a6 14. d3 Rb8 15. g3 Nd4 16. Qd1 Qd7 17. Ncd5 Nxd5 18. Nxd5 f5 19. Bxd4 exd4 20. exf5 Qxf5 21. f4 b5 22. Qf3 bxc4 23. bxc4 Bf8 24. Rab1 Rxb1 25. Rxb1 Qe6 26. Kf2 Qh3 27. Kg1 Qe6 28. Nc7 Qe3+ 29. Qxe3 Rxe3 30. Rb3 Re1+ 31. Kf2 Rh1 32. Kg2 Rc1 33. Nxa6 Rc2+ 34. Kh3 Rxa2 35. Nc7 Re2 36. Nd5 Rd2 37. g4 Re2 38. Kg3 Re1 39. h4 Rg1+ 40. Kf3 Rh1 41. h5 Rg1 42. Rb7 Re1 43. h6 Rh1 44. g5 Rh2 45. Ke4 Rh3 46. hxg7 Bxg7 47. Ne7+ Kf8 48. Nf5 1-0

[Event "CZE-ch Betsys Online Blitz"]
[Site "Chess.com INT"]
[Date "2021.04.17"]
[Round "2"]
[White "Bezdek, Tomas"]
[Black "Jares, Michal"]
[Result "0-1"]
[WhiteElo "1601"]
[BlackElo "1967"]
[PlyCount "44"]
[EventDate "2021.04.17"]
[EventType "swiss (blitz)"]
[EventRounds "13"]
[EventCountry "CZE"]
[SourceTitle "CBM 201 Extra"]
[Source "ChessBase"]
[SourceDate "2021.05.31"]
[SourceVersion "1"]
[SourceVersionDate "2021.05.31"]
[SourceQuality "1"]

1. e4 c5 2. c3 d5 3. exd5 Qxd5 4. d4 cxd4 5. cxd4 e5 6. Nf3 exd4 7. Qxd4 Qxd4 8. Nxd4 Bc5 9. Nb3 Bb6 10. Bb5+ Bd7 11. Bxd7+ Nxd7 12. 0-0 0-0-0 13. Nc3 Ngf6 14. Bf4 Nc5 15. Nxc5 Bxc5 16. Na4 Bd6 17. Bg5 Be5 18. Rac1+ Kb8 19. Rc2 h6 20. Bh4 Rd4 21. Bg3 Bxg3 22. hxg3 Rxa4 0-1

[Event "CZE-ch Betsys Online Blitz"]
[Site "Chess.com INT"]
[Date "2021.04.17"]
[Round "7"]
[White "Eret, Matous"]
[Black "Jares, Michal"]
[Result "1-0"]
[WhiteElo "2255"]
[BlackElo "1967"]
[PlyCount "69"]
[EventDate "2021.04.17"]
[EventType "swiss (blitz)"]
[EventRounds "13"]
[EventCountry "CZE"]
[SourceTitle "CBM 201 Extra"]
[Source "ChessBase"]
[SourceDate "2021.05.31"]
[SourceVersion "1"]
[SourceVersionDate "2021.05.31"]
[SourceQuality "1"]

1. e4 c5 2. Nf3 Nc6 3. Bb5 g6 4. 0-0 Bg7 5. c3 Nf6 6. Re1 0-0 7. d4 cxd4 8. cxd4 d6 9. h3 a6 10. Bf1 Qc7 11. Nc3 b5 12. Bg5 Qa7 13. Rc1 Bb7 14. e5 Nd7 15. Nd5 e6 16. Rxc6 Bxc6 17. Ne7+ Kh8 18. Nxc6 Qb6 19. Nb4 dxe5 20. dxe5 a5 21. Nc2 Nc5 22. Qd2 Qc7 23. Ncd4 b4 24. Qf4 Nd7 25. Nb5 Qc5 26. Nd6 Nxe5 27. Nxe5 f6 28. Ndf7+ Kg8 29. Nh6+ Bxh6 30. Bxh6 fxe5 31. Qg3 Rf7 32. Rxe5 Qc2 33. b3 Qxa2 34. Bc4 Rd8 35. Re1 1-0